Trastorno específico del lenguaje: retraso de lenguaje y disfasia

Պահպանված է:
Մատենագիտական մանրամասներ
Հիմնական հեղինակ: Aguado Alonso, Gerardo (Հեղինակ)
Ձևաչափ: Գիրք
Լեզու:իսպաներեն
Հրապարակվել է: Málaga Aljibe 1999
Շարք:Colección Audición y Lenguaje
Խորագրեր:
Ցուցիչներ: Ավելացրեք ցուցիչ
Չկան պիտակներ, Եղեք առաջինը, ով նշում է այս գրառումը!

MARC

LEADER 00000cam a2200000 a 4500
001 UCK0617
003 CL-VaPUC
008 041015e19990000SP |||||||||||||||||spa|d
020 |a 8495212307 
082 0 4 |a 616.855  |b AGU  |2 21 
100 0 |a Aguado Alonso, Gerardo  |e author  |9 488558 
245 1 0 |a Trastorno específico del lenguaje: retraso de lenguaje y disfasia 
300 |a 217 p 
942 |c BK 
945 |d 20041015 00:00:00  |a cmena 
260 |a Málaga  |b Aljibe  |c 1999 
650 0 |a Trastornos del lenguaje  |9 336278 
650 0 |a Psicolingüística   |9 283371 
650 0 |a Neuropsicología  |9 270837 
650 7 |a PSICOTERAPIA  |2 CL-VaPUC  |9 488559 
650 7 |a TRASTORNOS DEL HABLA  |2 CL-VaPUC  |9 309440 
583 |a last modification  |c 20190701 09:38:48  |k Rodrigo Vera 
490 0 |a Colección Audición y Lenguaje 
999 |c 310983  |d 310981 
952 |0 0  |1 0  |4 0  |6 616_855000000000000_AGU_1999  |7 0  |8 A  |9 380094  |a BIBEDU  |b BIBEDU  |d 2019-11-21  |i 4069161  |o 616.855 AGU 1999  |p 4069161  |r 2019-11-21  |w 2019-11-21  |y BK  |k LIT 
952 |0 0  |1 0  |4 0  |6 616_855000000000000_AGU_1999  |7 0  |8 A  |9 380095  |a BIBEDU  |b BIBEDU  |d 2019-11-21  |i 4805194  |o 616.855 AGU 1999  |p 4805194  |r 2019-11-21  |w 2019-11-21  |y BK  |k EPE